| 000 | 00485nam a2200133 a 4500 | ||
|---|---|---|---|
| 008 | 120416s1982 ||||||||||||||||| || u | ||
| 050 | _aKD 109 Art | ||
| 110 | _aArthur Andersen and Company | ||
| 245 | 1 | 0 | _aGuide to the companies act, 1981 |
| 260 |
_aLondon _bGraham and Trotman _c1982 |
||
| 300 | _avi, 288p. | ||
| 350 | _a0.00 | ||
| 995 |
_D0.00 _FCBU-MAIN LIBRARY (Kitwe) _H1 _I0.00 _M1 _UAVAILABLE _ZMain Library Open Access Collection |
||
| 999 |
_c45127 _d45127 |
||